000 01005nam a22002537a 4500
005 20170124102938.0
010 _aA-742253
020 _c50.00
_a8185045321
035 _aA-742253
037 _bCen Lib/Ret
040 _aDPL
_bHN
082 _a827
_bकानून
100 _aकानूनगो, ब्रिजेश
_942466
245 _aपुन: पधारे /
_cब्रिजेश कानूनगो
246 _aPun padhare /
_bby Brijesh Kanoongo
260 _aदिल्ली
_bदिशा प्रकाशन
_c1995
270 _bदिल्ली
_a138/16, त्रिनगर
_e110035
300 _a114पृ.
_c16सेमी(सजिल्द)
650 _aहिन्दी साहित्य
_947231
650 _aहिन्दी साहित्य -- कहानियां
_947232
650 _aHindi literature
_947233
650 _aHindi literature -- Stories
_947234
942 _2ddc
_cHN
_h827
_mकानून
999 _c112394
_d112394